Ekonomika ťažby surovín

Definovanie oceňovania ložísk nerastných surovín. Základné pojmy oceňovania ložísk. Charakteristika oceňovania ložísk. Analýza investícií v baníctve. Dynamický charakter oceňovania ložiska úžitkového nerastu prostredníctvom banského nerastu.

Gespeichert in:
Bibliographische Detailangaben
1. Verfasser: Cehlár, Ján
Weitere Verfasser: Behún, Marcel, Cehlárová, Ivana
Format: Buchkapitel
Sprache:Slowakisch
Schlagworte:
Tags: Tag hinzufügen
Keine Tags, Fügen Sie das erste Tag hinzu!

MARC

LEADER 00000naa$a2200000$$$4500
001 0069045
005 20231011093656.0
041 0 |a slo 
044 |a SK 
245 1 0 |a Ekonomika ťažby surovín  |c Ján Cehlár, Marcel Behún, Ivana Cehlárová 
520 |a Definovanie oceňovania ložísk nerastných surovín. Základné pojmy oceňovania ložísk. Charakteristika oceňovania ložísk. Analýza investícií v baníctve. Dynamický charakter oceňovania ložiska úžitkového nerastu prostredníctvom banského nerastu. 
610 2 0 |a ťažba surovín 
610 2 0 |a oceňovanie 
610 2 0 |a investície 
610 2 0 |a baníctvo 
610 2 0 |a projekty 
100 1 |a Cehlár, Ján 
700 1 |a Behún, Marcel 
700 1 |a Cehlárová, Ivana